Lord Jim / (Record no. 169778)
[ view plain ]
| 000 -CABECERA | |
|---|---|
| campo de control de longitud fija | 00928nam a2200325Ia 4500 |
| 001 - NÚMERO DE CONTROL | |
| campo de control | Z_6511 |
| 003 - IDENTIFICADOR DEL NÚMERO DE CONTROL | |
| campo de control | CHAP |
| 008 - DATOS DE LONGITUD FIJA--INFORMACIÓN GENERAL | |
| campo de control de longitud fija | 220113s9999 xx 000 0 und d |
| 010 ## - NÚMERO DE CONTROL DE LA BIBLIOTECA DEL CONGRESO | |
| Número de control de LC | 169778 |
| 020 ## - NÚMERO INTERNACIONAL ESTÁNDAR DEL LIBRO | |
| Número Internacional Estándar del Libro | 968-22-0307-4 \ 968-22-0152-7 (obra completa) |
| 040 ## - FUENTE DE LA CATALOGACIÓN | |
| Centro/agencia transcriptor | CHAP |
| 082 ## - NÚMERO DE LA CLASIFICACIÓN DECIMAL DEWEY | |
| Número de clasificación | 823.8 C66 L67 |
| 100 ## - ENTRADA PRINCIPAL--NOMBRE DE PERSONA | |
| Nombre de persona | Conrad, Joseph, 1857-1924 |
| 9 (RLIN) | 145016 |
| 240 ## - TÍTULO UNIFORME | |
| Título uniforme | Lord Jim |
| 245 ## - MENCIÓN DE TÍTULO | |
| Título | Lord Jim / |
| Mención de responsabilidad, etc. | Joseph Conrad; traducción Ramón D. Peres |
| 260 ## - PUBLICACIÓN, DISTRIBUCIÓN, ETC. | |
| Lugar de publicación, distribución, etc. | México : |
| Nombre del editor, distribuidor, etc. | Artemisa, |
| Fecha de publicación, distribución, etc. | |
| 300 ## - DESCRIPCIÓN FÍSICA | |
| Extensión | 380 p. |
| 440 ## - MENCIÓN DE SERIE/PUNTO DE ACCESO ADICIONAL--TÍTULO | |
| Título | (Best sellers gran premier; 35) |
| 9 (RLIN) | 145017 |
| 500 ## - NOTA GENERAL | |
| Nota general | Traducción de la obra en inglés: Lord Jim |
| 503 ## - NOTA DE HISTORIA BIBLIOGRÁFICA (BK CF MU) [OBSOLETO] | |
| Nota de historia bibliográfica | ej.1: donación 2013 |
| 650 ## - PUNTO DE ACCESO ADICIONAL DE MATERIA--TÉRMINO DE MATERIA | |
| Término de materia o nombre geográfico como elemento de entrada | Literatura inglesa |
| Subdivisión general | |
| -- | Siglo XX |
| 9 (RLIN) | 145013 |
| 650 ## - PUNTO DE ACCESO ADICIONAL DE MATERIA--TÉRMINO DE MATERIA | |
| Término de materia o nombre geográfico como elemento de entrada | Novela inglesa |
| Subdivisión general | |
| -- | Siglo XX |
| 9 (RLIN) | 145014 |
| 700 ## - PUNTO DE ACCESO ADICIONAL--NOMBRE DE PERSONA | |
| Nombre de persona | Peres, Ramón D., tr. |
| 9 (RLIN) | 145018 |
| 901 ## - ELEMENTOS DE DATOS A LOCAL LDA (RLIN) | |
| a | 823.8 C66 L67 |
| 902 ## - ELEMENTOS DE DATOS B LOCAL, LDB (RLIN) | |
| a | A |
| 910 ## - DATOS DE OPCIÓN DEL USUARIO (OCLC) | |
| Datos de opción del usuario | |
| 942 ## - ELEMENTOS DE PUNTO DE ACCESO ADICIONAL (KOHA) | |
| Tipo de ítem Koha | Libro_ |
| 942 ## - ELEMENTOS DE PUNTO DE ACCESO ADICIONAL (KOHA) | |
| Tipo de ítem Koha | |
| Estado de retiro | Estado de pérdida | Fuente del sistema de clasificación o colocación | Estado dañado | No para préstamo | Código de colección | Localización permanente | Ubicación/localización actual | Ubicación en estantería | Fecha de adquisición | Código de barras | Fecha visto por última vez | Número de copia | Precio válido a partir de | Tipo de ítem Koha |
|---|---|---|---|---|---|---|---|---|---|---|---|---|---|---|
| Dewey Decimal Classification | General | Zootecnia | Zootecnia | 14/11/2014 | z_6392 | 18/01/2022 | 1 | 18/01/2022 | Libro |
